Statistiques concernant Personnages du Seigneur des Anneaux absents des films

Cliquez ici pour prendre le quiz!

Statistiques générales

  • Ce quiz a été pris 120 fois
  • Le résultat moyen est 2 sur 6

Statistiques - réponses

DescriptionNom% Correct
Habitant de la vieille forêt, il accueille les hobbits chez lui et les sauve par deux fois des dangers qu'ils affrontent entre la Comté et Brie.Tom Bombadil
97%
Il sauve Frodon des Nazgûls et l'emmène en sécurité à Fondcombe sur son cheval. C'est Arwen qui fait ça dans le film.Glorfindel
38%
Prince de Dol Amroth, il assure la régence du Gondor après la mort de Denethor et avant le couronnement d'Aragorn.Imrahil
33%
Habitant de Brie très antipathique, il vend son poney aux hobbits au début de l'aventure et obtient un rang important chez les bandits de Saroumane qui ont envahi la Comté.Bill Fougeard
29%
Ces deux jumeaux, fils d'Elrond et frères d'Arwen, accompagnent la Compagnie Grise.Elladan et Elrohir
23%
Chef de la Compagnie Grise, composée de trente Dunedains qui rejoignent Aragorn au Rohan et combattent avec lui sur le Chemin des Morts et dans les batailles qui suivirent.Halbarad
16%

Distribution des résultats

Percentile par nombre de réponses

% des personnes avec chaque résultat

Votre développement - résultats

Vous n’avez pas pris ce quiz